000 00283nam a2200121Ia 4500
005 20251222155142.0
008 251222s9999||||xx |||||||||||||| ||spa||
082 _aREL.176
100 _aCLAVEL, Alberto.
245 0 _aMes de mayo, mes de MarĂ­a
264 _bNo tiene
942 _cLIB
999 _c39217
_d39217